Catálogo
 En Linea

APEC por un mundo mejor : (Registro nro. 59278)

Detalles MARC
000 -CABECERA
campo de control de longitud fija 01227nas a2200277 i 4500
001 - NÚMERO DE CONTROL
campo de control 252635
005 - FECHA Y HORA DE LA ÚLTIMA TRANSACCIÓN
campo de control 20250613142833.0
007 - CAMPO FIJO DE DESCRIPCIÓN FÍSICA--INFORMACIÓN GENERAL
campo de control de longitud fija ta
008 - DATOS DE LONGITUD FIJA--INFORMACIÓN GENERAL
campo de control de longitud fija 890206e1999 dr p|co || o001 || |
011 ## - ENLACE DEL NUMERO DE CONTROL DE LA BIBLIOTECA DEL CONGRESO [OBSOLETO]
Número de control de LC
040 ## - FUENTE DE LA CATALOGACIÓN
Centro catalogador/agencia de origen DO-SdBNP
Lengua de catalogación spa
Centro/agencia transcriptor DO-SdBNP
Normas de descripción rda
041 ## - CÓDIGO DE LENGUA
Código de lengua original spa
245 ## - MENCIÓN DE TÍTULO
Título APEC por un mundo mejor :
Resto del título revista /
Mención de responsabilidad, etc. APEC.
264 ## - PRODUCCIÓN, PUBLICACIÓN, DISTRIBUCIÓN, FABRICACIÓN Y COPYRIGHT
Producción, publicación, distribución, fabricación y copyright Santo Domingo, República Dominicana :
Nombre del de productor, editor, distribuidor, fabricante APEC,
Fecha de producción, publicación, distribución, fabricación o copyright 1999.
300 ## - DESCRIPCIÓN FÍSICA
Extensión volumen :
Otras características físicas ilustraciones, fotografías, gráficas ;
Dimensiones 28 cm.
310 ## - PERIODICIDAD ACTUAL
Periodicidad actual 1999.
336 ## - TIPO DE CONTENIDO
Término de tipo de contenido texto
Código de tipo de contenido txt
Fuente rdacontent
337 ## - TIPO DE MEDIO
Nombre/término del tipo de medio sin mediación
Código del tipo de medio n
Fuente rdamedia
338 ## - TIPO DE SOPORTE
Nombre/término del tipo de soporte volumen
Código del tipo de soporte nc
Fuente rdacarrier
362 ## - FECHAS DE PUBLICACIÓN Y/O DESIGNACIÓN SECUENCIAL
Fecha de publicación y/o designación secuencial Mayo 1999.
520 ## - SUMARIO, ETC.
Sumario, etc. La Colección UNAPEC por un-Mundo Mejor es una publicación de la Universidad APEC constituida por varias series temáticas y de género: Ensayo, Artículos, Investigación, Artes y Comunicación, Turismo, Tecnología, Administración, Ética, Derecho, entre otras.
650 ## - PUNTO DE ACCESO ADICIONAL DE MATERIA--TÉRMINO DE MATERIA
9 (RLIN) 16347
Término de materia o nombre geográfico como elemento de entrada Universidades
Subdivisión de forma Publicaciones periódicas
Subdivisión geográfica República Dominicana
650 ## - PUNTO DE ACCESO ADICIONAL DE MATERIA--TÉRMINO DE MATERIA
9 (RLIN) 2358
Término de materia o nombre geográfico como elemento de entrada Educación superior
Subdivisión de forma Publicaciones periódicas
Subdivisión geográfica República Dominicana
650 ## - PUNTO DE ACCESO ADICIONAL DE MATERIA--TÉRMINO DE MATERIA
9 (RLIN) 48216
Término de materia o nombre geográfico como elemento de entrada APEC
Subdivisión geográfica Historia
Subdivisión de forma Publicaciones periódicas
Subdivisión cronológica República Dominicana
942 ## - ELEMENTOS DE PUNTO DE ACCESO ADICIONAL (KOHA)
Tipo de ítem Koha Publicación periódica
Fuente del sistema de clasificación o colocación Dewey Decimal Classification
Existencias
Estado de retiro Estado de pérdida Fuente del sistema de clasificación o colocación Estado dañado Restricciones de uso No para préstamo Código de colección Localización permanente Ubicación/localización actual Fecha de adquisición Enumeración/cronología de publicación seriada Total de préstamos Código de barras Fecha visto por última vez Número de copia Precio válido a partir de Tipo de ítem Koha Nota pública Fecha del último préstamo
    Dewey Decimal Classification   Préstamo en sala   Hemeroteca Biblioteca Nacional Pedro Henríquez Ureña Biblioteca Nacional Pedro Henríquez Ureña 13.06.2025 Mayo 1999   2025-5159 13.06.2025 e.1 13.06.2025 Publicación periódica 35 años de éxitos.  
    Dewey Decimal Classification   Préstamo en sala   Hemeroteca Biblioteca Nacional Pedro Henríquez Ureña Biblioteca Nacional Pedro Henríquez Ureña 13.06.2025 Mayo 1999 1 2025-5160 07.08.2025 e.2 13.06.2025 Publicación periódica 35 años de éxitos. 07.08.2025

Con tecnología Koha